[Event "LTU-ch (Women)"]
[Site "Vilnius"]
[Date "2021.10.24"]
[Round "5"]
[White "Perminaite, Guoda"]
[Black "Ravlusevic, Evelina"]
[Result "1/2-1/2"]
[WhiteElo "1727"]
[BlackElo "1717"]
[PlyCount "51"]
[EventDate "2021.10.22"]
[EventType "swiss"]
[EventRounds "7"]
[EventCountry "LTU"]
[SourceTitle "CBM 204 Extra"]
[Source "ChessBase"]
[SourceDate "2021.11.30"]
[SourceVersion "1"]
[SourceVersionDate "2021.11.30"]
[SourceQuality "1"]

1. e4 c5 2. Nf3 e6 3. d4 cxd4 4. Nxd4 a6 5. Nc3 Qc7 6. g3 Nf6 7. Bg2 Bb4 8. Bd2 0-0 9. 0-0 Be7 10. Qe2 Nc6 11. Nxc6 dxc6 12. e5 Nd5 13. Rfe1 b5 14. a3 Bb7 15. Qg4 Kh8 16. Rad1 Rad8 17. Qh5 Nxc3 18. Bxc3 Rxd1 19. Rxd1 c5 20. Bxb7 Qxb7 21. Qe2 Qc7 22. Qe4 Kg8 23. h4 a5 24. b3 c4 25. b4 axb4 26. Bxb4 1/2-1/2

[Event "LTU-ch U18 Girls"]
[Site "Vilnius"]
[Date "2021.06.05"]
[Round "6"]
[White "Staskeviciute, Darija"]
[Black "Ravlusevic, Evelina"]
[Result "1/2-1/2"]
[WhiteElo "1564"]
[BlackElo "1749"]
[PlyCount "95"]
[EventDate "2021.06.02"]
[EventType "tourn"]
[EventRounds "7"]
[EventCountry "LTU"]
[SourceTitle "EXT 2023"]
[Source "ChessBase"]
[SourceDate "2022.10.05"]
[SourceVersion "1"]
[SourceVersionDate "2022.10.05"]
[SourceQuality "1"]

1. d4 Nf6 2. c4 c5 3. d5 b5 4. cxb5 a6 5. bxa6 g6 6. Nc3 Bg7 7. Nf3 0-0 8. e4 d6 9. Bd3 Bxa6 10. 0-0 Nbd7 11. Bxa6 Rxa6 12. Qe2 Qa8 13. a3 Rb8 14. Nd1 Ng4 15. h3 Nge5 16. Nxe5 Nxe5 17. Bd2 c4 18. Bc3 Nd3 19. Bxg7 Kxg7 20. Qc2 Ra4 21. Rb1 Rb3 22. Ne3 Qa6 23. Rfd1 Qb5 24. Rd2 h5 25. h4 Nc5 26. Rc1 Nd3 27. Rb1 Ne5 28. Rc1 Qb6 29. Rcd1 Qb5 30. Rc1 Nd3 31. Rb1 Kh7 32. Kh1 Kg7 33. Kg1 Kg8 34. Kh1 Nxf2+ 35. Rxf2 Rxe3 36. Rbf1 f6 37. Rf3 Rb3 38. e5 f5 39. exd6 exd6 40. Rxb3 cxb3 41. Qc8+ Kg7 42. Qc7+ Kh6 43. Qc1+ Kg7 44. Qc7+ Kg8 45. Qc8+ Kg7 46. Qc7+ Kh6 47. Qc1+ Kg7 48. Qc7+ 1/2-1/2

[Event "Krakow op-B 31st"]
[Site "Krakow"]
[Date "2020.12.31"]
[Round "5"]
[White "Ravlusevic, Evelina"]
[Black "Derylo, Kamil"]
[Result "0-1"]
[WhiteElo "1736"]
[BlackElo "1998"]
[PlyCount "52"]
[EventDate "2020.12.27"]
[EventType "swiss"]
[EventRounds "9"]
[EventCountry "POL"]
[SourceTitle "CBM 200 Extra"]
[Source "ChessBase"]
[SourceDate "2021.03.31"]
[SourceVersion "1"]
[SourceVersionDate "2021.03.31"]
[SourceQuality "1"]

1. d4 d5 2. c4 e6 3. Nf3 Nf6 4. Nc3 c5 5. cxd5 exd5 6. e3 a6 7. Be2 Nc6 8. 0-0 Bd6 9. dxc5 Bxc5 10. a3 0-0 11. b4 Ba7 12. Bb2 Re8 13. b5 Na5 14. Qc2 Nc4 15. Nxd5 Nxb2 16. Nc3 Ng4 17. Qxb2 Qf6 18. Na4 Qh6 19. Bc4 Bb8 20. h3 Ne5 21. Qe2 Bg4 22. Bd5 Qd6 23. Bxf7+ Kh8 24. g3 Bxf3 25. Qa2 Qd7 26. Bd5 Qxh3 0-1

[Event "Krakow op-B 31st"]
[Site "Krakow"]
[Date "2020.12.30"]
[Round "4"]
[White "Golenia, Jan"]
[Black "Ravlusevic, Evelina"]
[Result "1-0"]
[WhiteElo "2070"]
[BlackElo "1736"]
[PlyCount "111"]
[EventDate "2020.12.27"]
[EventType "swiss"]
[EventRounds "9"]
[EventCountry "POL"]
[SourceTitle "CBM 200 Extra"]
[Source "ChessBase"]
[SourceDate "2021.03.31"]
[SourceVersion "1"]
[SourceVersionDate "2021.03.31"]
[SourceQuality "1"]

1. d4 Nf6 2. c4 c5 3. d5 b5 4. cxb5 a6 5. b6 Qxb6 6. Nc3 d6 7. e4 g6 8. Bd3 Bg7 9. h3 0-0 10. Nf3 Nbd7 11. 0-0 Bb7 12. Re1 e6 13. dxe6 fxe6 14. Bc4 Rfe8 15. Ng5 Nf8 16. e5 Qc6 17. Qf3 Qxf3 18. Nxf3 dxe5 19. Nxe5 Nd5 20. Bd2 Rad8 21. Bg5 Rb8 22. Na4 h6 23. Bd2 Nb4 24. Rac1 Bd5 25. a3 Bxc4 26. axb4 Bb5 27. Nxc5 Rbd8 28. Bc3 Rd5 29. Ng4 e5 30. Ra1 h5 31. Ne3 Rd6 32. Nf1 Nd7 33. Nd2 Nxc5 34. bxc5 Rd5 35. Ne4 Rc8 36. b4 Rc6 37. Ra3 Bd3 38. Nd6 Kh7 39. f3 h4 40. Ne8 Bh8 41. Nd6 Rc7 42. Re3 Bb5 43. Nxb5 axb5 44. Re4 Bf6 45. Ra6 Kg7 46. f4 Re7 47. Bxe5 Bxe5 48. fxe5 Rd1+ 49. Kh2 g5 50. e6 Kf6 51. Ra5 Kf5 52. Re2 Rb1 53. Rxb5 Ra7 54. Ra5 Re7 55. b5 Re8 56. e7 1-0

[Event "Krakow op-B 31st"]
[Site "Krakow"]
[Date "2020.12.29"]
[Round "3"]
[White "Ravlusevic, Evelina"]
[Black "Ruhland, Cliff"]
[Result "1-0"]
[WhiteElo "1736"]
[BlackElo "2006"]
[PlyCount "149"]
[EventDate "2020.12.27"]
[EventType "swiss"]
[EventRounds "9"]
[EventCountry "POL"]
[SourceTitle "CBM 200 Extra"]
[Source "ChessBase"]
[SourceDate "2021.03.31"]
[SourceVersion "1"]
[SourceVersionDate "2021.03.31"]
[SourceQuality "1"]

1. d4 d5 2. c4 c6 3. Nf3 Nf6 4. Nc3 a6 5. c5 g6 6. h3 Bg7 7. Bf4 0-0 8. e3 Re8 9. Bd3 Nbd7 10. 0-0 Nf8 11. Bh2 N6d7 12. e4 dxe4 13. Nxe4 Nf6 14. Nc3 Be6 15. Bc2 b5 16. cxb6 Qxb6 17. Na4 Qa7 18. Ne5 Bd5 19. Bb3 Ne6 20. Bxd5 cxd5 21. Nc6 Qb7 22. Ne5 Rac8 23. b3 Qa7 24. Nf3 Nd7 25. Be5 Red8 26. Qd2 Nxe5 27. dxe5 a5 28. Rac1 d4 29. Rfd1 Nc5 30. Nxc5 Rxc5 31. Rxc5 Qxc5 32. Rc1 Qb6 33. Rc4 f6 34. exf6 Bxf6 35. Qd3 Qb5 36. Ne1 e5 37. Rxd4 Qe8 38. Rxd8 Bxd8 39. Qe4 Kf8 40. Nf3 Bc7 41. Nd2 Qe7 42. Nc4 Qc5 43. Qe3 Qd5 44. Qf3+ Qxf3 45. gxf3 Ke7 46. Kf1 Ke6 47. Ke2 Kd5 48. Kd3 Bd8 49. Ne3+ Kc5 50. Ke4 Kb4 51. Nc4 a4 52. Nxe5 axb3 53. axb3 Kxb3 54. f4 Kc3 55. f3 Kd2 56. Nf7 Bf6 57. Ng5 h6 58. Nf7 Bg7 59. Ne5 Ke2 60. Nxg6 Kf2 61. h4 h5 62. f5 Kg3 63. Kd5 Kxf3 64. Ke6 Kg4 65. f6 Bh6 66. Ke5 Kh3 67. Kf5 Kg3 68. f7 Kh3 69. Nf4+ Kxh4 70. Ne6 Kg3 71. Kg6 Bf8 72. Nxf8 h4 73. Ne6 h3 74. f8Q h2 75. Qa8 1-0

[Event "Wch FIDE Online U18 Girls Europe qual"]
[Site "Tornelo INT"]
[Date "2020.12.08"]
[Round "4"]
[White "Katkov, Michelle"]
[Black "Ravlusevic, Evelina"]
[Result "1-0"]
[WhiteElo "1708"]
[BlackElo "1781"]
[PlyCount "107"]
[EventDate "2020.12.07"]
[EventType "swiss (rapid)"]
[EventRounds "7"]
[EventCountry "ISS"]
[SourceTitle "EXT 2022"]
[Source "ChessBase"]
[SourceDate "2021.10.06"]
[SourceVersion "1"]
[SourceVersionDate "2021.10.06"]
[SourceQuality "1"]

1. e4 c5 2. c3 e6 3. d4 cxd4 4. cxd4 Nf6 5. Nc3 Bb4 6. Bd3 0-0 7. Nf3 d5 8. e5 Ne4 9. Bxe4 dxe4 10. Ng5 Nc6 11. Be3 Bxc3+ 12. bxc3 b6 13. Nxe4 Qd5 14. Qd3 Ne7 15. c4 Qc6 16. f3 Nf5 17. Bf2 Rd8 18. 0-0 Ba6 19. Rac1 Rac8 20. Nd2 Qd7 21. Nb3 Ne7 22. Rfd1 Nc6 23. Qe4 Bb7 24. Qf4 a5 25. d5 exd5 26. Bxb6 Re8 27. Rxd5 Qe7 28. Bc5 Qe6 29. Re1 Nb4 30. Rd6 Qe7 31. Nxa5 Rxc5 32. Rb1 Rxe5 33. Rdd1 Rxa5 34. c5 Rxc5 35. Qxb4 Re5 36. Qxb7 Qxb7 37. Rxb7 Re2 38. a4 g6 39. Ra1 Rc2 40. a5 Ree2 41. Rb8+ Kg7 42. a6 Rxg2+ 43. Kf1 Rxh2 44. Kg1 Rhg2+ 45. Kf1 Ra2 46. Rab1 Rh2 47. Kg1 Rhc2 48. R8b6 Rf2 49. Rb7 Rxf3 50. a7 Rfa3 51. Rf1 Rxa7 52. Rfxf7+ Kh6 53. Rxa7 Rxa7 54. Rxa7 1-0

[Event "Wch FIDE Online U18 Girls Europe qual"]
[Site "Tornelo INT"]
[Date "2020.12.07"]
[Round "2"]
[White "Golsta, Madara"]
[Black "Ravlusevic, Evelina"]
[Result "1-0"]
[WhiteElo "1924"]
[BlackElo "1781"]
[PlyCount "43"]
[EventDate "2020.12.07"]
[EventType "swiss (rapid)"]
[EventRounds "7"]
[EventCountry "ISS"]
[SourceTitle "EXT 2022"]
[Source "ChessBase"]
[SourceDate "2021.10.06"]
[SourceVersion "1"]
[SourceVersionDate "2021.10.06"]
[SourceQuality "1"]

1. e4 c5 2. f3 e6 3. d4 cxd4 4. Qxd4 Nc6 5. Qd1 Qc7 6. Be3 Nf6 7. Qd2 Be7 8. c4 Ne5 9. Bf4 Bd6 10. Nh3 0-0 11. Nc3 a6 12. Rc1 Nh5 13. Be3 Nxc4 14. Bxc4 Ng3 15. hxg3 Bxg3+ 16. Bf2 Bxf2+ 17. Nxf2 Qxc4 18. Nd5 Qxa2 19. Ne7+ Kh8 20. Qg5 Qxb2 21. Rxh7+ Kxh7 22. Qh5# 1-0

[Event "LTU-ch Rapid op"]
[Site "Panevezys"]
[Date "2020.07.04"]
[Round "1.8"]
[White "Ravlusevic, Evelina"]
[Black "Krivonosov, Oleg"]
[Result "0-1"]
[WhiteElo "1753"]
[BlackElo "2454"]
[PlyCount "132"]
[EventDate "2020.07.04"]
[EventType "swiss (rapid)"]
[EventRounds "11"]
[EventCountry "LTU"]
[SourceTitle "EXT 2023"]
[Source "ChessBase"]
[SourceDate "2022.10.05"]
[SourceVersion "1"]
[SourceVersionDate "2022.10.05"]
[SourceQuality "1"]

1. d4 d5 2. c4 e6 3. Nf3 Nf6 4. Nc3 Be7 5. e3 0-0 6. Bd3 dxc4 7. Bxc4 a6 8. 0-0 b5 9. Bd3 Bb7 10. a3 Nbd7 11. b4 a5 12. Rb1 axb4 13. axb4 c6 14. e4 Nb6 15. Qc2 h6 16. Be3 Na4 17. Ne5 Nxc3 18. Qxc3 Rc8 19. f3 Nd7 20. Nxd7 Qxd7 21. Rfd1 Rfd8 22. Bc2 Bf8 23. Bf2 Ra8 24. Ra1 Qd6 25. Qc5 Qd7 26. Qc3 g6 27. e5 Qe7 28. Qc5 Qc7 29. Qc3 Rxa1 30. Rxa1 Ra8 31. Rxa8 Bxa8 32. Qa3 Bb7 33. Be4 Qe7 34. Be1 Qg5 35. Qc3 Qd8 36. Kf1 Qa8 37. Qb2 Qa7 38. Ke2 Be7 39. Bd2 Bf8 40. Bc3 Qa8 41. Qc2 Kg7 42. Qb2 Be7 43. Bd2 Qd8 44. Qc3 Qd7 45. Be3 Bf8 46. Bd2 Kg8 47. Be3 Qe8 48. Bd2 Qa8 49. Qb2 h5 50. Qc2 Qe8 51. Be3 Bxb4 52. Bh6 Be7 53. Be3 b4 54. Qb3 Ba6+ 55. Kf2 Bb5 56. Bd2 Qd8 57. Be3 Kg7 58. Bd3 Qa5 59. Bxb5 Qxb5 60. Qc2 b3 61. Qb2 Qc4 62. Bd2 c5 63. Bc3 cxd4 64. Bxd4 Ba3 65. Qd2 Bc1 66. Qd1 b2 0-1

[Event "Klaipeda Sea op-B 16th"]
[Site "Klaipeda"]
[Date "2019.07.28"]
[Round "7"]
[White "Laurusas, Tomas"]
[Black "Ravlusevic, Evelina"]
[Result "1-0"]
[WhiteElo "2501"]
[BlackElo "1703"]
[PlyCount "51"]
[EventDate "2019.07.22"]
[EventType "swiss"]
[EventRounds "7"]
[EventCountry "LTU"]
[SourceTitle "CBM 191 Extra"]
[Source "ChessBase"]
[SourceDate "2019.09.30"]
[SourceVersion "1"]
[SourceVersionDate "2019.09.30"]
[SourceQuality "1"]

1. c4 c6 2. e4 d5 3. exd5 cxd5 4. cxd5 Nf6 5. Qa4+ Bd7 6. Qb3 Qc7 7. Nc3 a6 8. Be2 e6 9. Nf3 Bd6 10. dxe6 Bxe6 11. Qa4+ Nc6 12. Nb5 Qd8 13. Nxd6+ Qxd6 14. b3 Nd5 15. Ba3 Qd8 16. Rc1 Rc8 17. 0-0 Nde7 18. Ng5 Bd5 19. Qh4 Ng6 20. Qg3 h6 21. Qe3+ Nce7 22. Ne4 0-0 23. Nd6 Rxc1 24. Rxc1 Bc6 25. Qd4 Nd5 26. Nf5 1-0

[Event "LTU-chT (Women)"]
[Site "Vilnius"]
[Date "2019.03.30"]
[Round "1.2"]
[White "Bajoraite, Rita"]
[Black "Ravlusevic, Evelina"]
[Result "0-1"]
[WhiteElo "1748"]
[BlackElo "1704"]
[PlyCount "104"]
[EventDate "2019.03.30"]
[EventType "team-tourn"]
[EventRounds "3"]
[EventCountry "LTU"]
[SourceTitle "EXT 2020"]
[Source "ChessBase"]
[SourceDate "2019.10.17"]
[SourceVersion "1"]
[SourceVersionDate "2019.10.17"]
[SourceQuality "1"]

1. d4 d5 2. Nf3 Nf6 3. g3 c5 4. Bg2 Nc6 5. 0-0 e6 6. e3 Be7 7. c4 0-0 8. cxd5 exd5 9. Nc3 c4 10. Ne5 Bf5 11. Nxd5 Nxd5 12. e4 Be6 13. exd5 Bxd5 14. Nxc6 bxc6 15. Bf4 Qb6 16. Qd2 Rad8 17. Rad1 Bb4 18. Qc2 Rfe8 19. a3 Ba5 20. Qa4 Re2 21. Bxd5 cxd5 22. Bg5 f6 23. Bc1 h5 24. h4 Rde8 25. Qd7 Qe6 26. Qxe6+ R8xe6 27. Kg2 R6e4 28. Kf3 Kf7 29. Rg1 Rc2 30. Be3 Rxb2 31. Rb1 Rxb1 32. Rxb1 Bb6 33. Rc1 Bxd4 34. Rxc4 Bxe3 35. Rc7+ Re7 36. Rxe7+ Kxe7 37. fxe3 g5 38. Ke2 Ke6 39. Kd3 gxh4 40. gxh4 Ke5 41. a4 a5 42. Kd2 d4 43. Kd3 dxe3 44. Kxe3 f5 45. Kf3 f4 46. Kf2 Kf6 47. Ke2 Ke6 48. Kf2 Ke5 49. Ke2 Ke4 50. Kf2 f3 51. Kf1 Kf4 52. Kf2 Kg4 0-1

[Event "LTU-chT rapid"]
[Site "Marijampole"]
[Date "2018.11.10"]
[Round "2.8"]
[White "Sibajeva, Marija"]
[Black "Ravlusevic, Evelina"]
[Result "1-0"]
[WhiteElo "1876"]
[BlackElo "1569"]
[PlyCount "87"]
[EventDate "2018.11.10"]
[EventType "team-swiss (rapid)"]
[EventRounds "7"]
[EventCountry "LTU"]
[SourceTitle "EXT 2020"]
[Source "ChessBase"]
[SourceDate "2019.10.17"]
[SourceVersion "1"]
[SourceVersionDate "2019.10.17"]
[SourceQuality "1"]

1. e4 c5 2. Nf3 Nc6 3. Bb5 g6 4. 0-0 Bg7 5. Re1 Qc7 6. c3 d6 7. h3 Bd7 8. d4 cxd4 9. cxd4 e6 10. Nc3 Nge7 11. d5 Ne5 12. Nd4 0-0 13. Qa4 a6 14. Bxd7 Qxd7 15. dxe6 Qxa4 16. Nxa4 Nd3 17. Rd1 Bxd4 18. Rxd3 Nc6 19. exf7+ Rxf7 20. Be3 Bxe3 21. Rxe3 Raf8 22. f3 Ne5 23. Nb6 Rc7 24. Re2 Kg7 25. Rd1 Rc6 26. Nd5 b5 27. Nb4 Rb6 28. Rc2 Rf7 29. Nd5 Rbb7 30. Ne3 Rfd7 31. Rd5 Nf7 32. Rc6 a5 33. Ra6 a4 34. Ra5 b4 35. Rxa4 Ne5 36. Ra6 Nf7 37. b3 Ra7 38. Rda5 Rab7 39. Nc4 Kh6 40. Rd5 Ra7 41. Rxa7 Rxa7 42. Nxd6 Nxd6 43. Rxd6 Rxa2 44. Rb6 1-0

[Event "EU-ch U16 Girls 28th"]
[Site "Riga"]
[Date "2018.08.20"]
[Round "1"]
[White "Ravlusevic, Evelina"]
[Black "Hereklioglu, Sude"]
[Result "0-1"]
[WhiteElo "1604"]
[BlackElo "1976"]
[PlyCount "56"]
[EventDate "2018.08.20"]
[EventType "swiss"]
[EventRounds "9"]
[EventCountry "LAT"]
[SourceTitle "CBM 186 Extra"]
[Source "ChessBase"]
[SourceDate "2018.08.24"]
[SourceVersion "1"]
[SourceVersionDate "2018.08.24"]
[SourceQuality "1"]

1. d4 g6 2. c4 Bg7 3. Nf3 d6 4. Nc3 e6 5. e4 Nd7 6. Bd3 Ne7 7. 0-0 0-0 8. Be3 b6 9. Nd2 Bb7 10. f4 c5 11. d5 exd5 12. exd5 f5 13. Nf3 Bh6 14. Qc2 Nf6 15. h3 Bc8 16. Rae1 Nh5 17. Nh2 Bg7 18. Nf3 Bf6 19. Kh2 Kh8 20. Qd2 Ng8 21. Bf2 Nh6 22. Rg1 Ng4+ 23. hxg4 fxg4 24. Ng5 Bxg5 25. fxg5 Rxf2 26. Qe3 Bf5 27. Kh1 g3 28. Re2 Rf4 0-1

[Event "EU Union-ch U14"]
[Site "Kouty nad Desnou"]
[Date "2017.08.26"]
[Round "8"]
[White "Ravlusevic, Evelina"]
[Black "Slaba, Andrea"]
[Result "1/2-1/2"]
[WhiteElo "1612"]
[BlackElo "1972"]
[PlyCount "134"]
[EventDate "2017.08.19"]
[EventType "swiss"]
[EventRounds "9"]
[EventCountry "CZE"]
[SourceTitle "CBM 180 Extra"]
[Source "ChessBase"]
[SourceDate "2017.10.06"]
[SourceVersion "1"]
[SourceVersionDate "2017.10.06"]
[SourceQuality "1"]

1. d4 Nf6 2. g3 g6 3. Bg2 Bg7 4. e4 d6 5. Ne2 Nbd7 6. h3 c5 7. Be3 Qc7 8. Nbc3 cxd4 9. Nxd4 a6 10. 0-0 0-0 11. f4 Rb8 12. a4 e5 13. Nde2 Nc5 14. fxe5 dxe5 15. Bg5 Ncd7 16. Kh2 h6 17. Be3 Nb6 18. b3 Be6 19. a5 Nbd7 20. Nd5 Qd8 21. c4 Kh7 22. Nec3 Ng8 23. Qc2 f5 24. Nb6 Nxb6 25. Bxb6 Qg5 26. h4 Qe7 27. Nd5 Bxd5 28. exd5 e4 29. Rae1 Be5 30. Kh3 Nf6 31. Be3 Ng4 32. Bf4 Bxf4 33. gxf4 Nf6 34. Qc3 Rbc8 35. Qd2 Qa3 36. Re3 Ng4 37. Rc3 Qxa5 38. Bxe4 Rce8 39. Bg2 Re3+ 40. Rf3 Rxc3 41. Qxc3 Qc5 42. Rf1 b5 43. Bf3 Nf6 44. Kg2 Qc7 45. Qd4 bxc4 46. bxc4 Qe7 47. d6 Qd8 48. c5 Re8 49. Kh3 Re6 50. Rd1 Ne4 51. Rc1 a5 52. Qd5 Nxc5 53. Qxc5 Rxd6 54. Qc7+ Qxc7 55. Rxc7+ Kg8 56. Ra7 Rd4 57. Kg3 a4 58. Be2 Rb4 59. Bd1 Rd4 60. Be2 Rb4 61. Bf3 Rd4 62. Be2 Rb4 63. Bf3 Rd4 64. Be2 Rb4 65. Bd1 Rd4 66. Be2 Rb4 67. Bf3 Rd4 1/2-1/2